Monarchie parlamentarne na świecie - Statystyki

Ogólne statystyki
  • Ten quiz został rozwiązany 18 razy
  • Średni wynik to 12 z 24
Statystyki odpowiedzi
Państwa % Poprawnych
Dania
100%
Holandia
100%
Szwecja
100%
Wielka Brytania
100%
Hiszpania
94%
Luksemburg
94%
Norwegia
94%
Belgia
81%
Japonia
81%
Australia
69%
Kanada
69%
Nowa Zelandia
63%
Bahamy
19%
Malezja
19%
Papua-Nowa Gwinea
19%
Antigua i Barbuda
13%
Grenada
13%
Jamajka
13%
Saint Kitts i Nevis
13%
Tuvalu
13%
Wyspy Salomona
13%
Belize
6%
Saint Lucia
6%
Saint Vincent i Grenadyny
6%
Nie znaleziono quizów pasujących do podanych kryteriów
Rozkład punktacji
Procent ludzi z każdym wynikiem
Percentyl według liczby udzielonych odpowiedzi
Twoja historia wyników
Nie rozwiązałeś tego quizu